00418nam a22000977a 4500008004100000082001800041245018500059260004200244300001000286710002400296230609b xxu||||| |||| 00| 0 eng d a354.6200bGOK aReport of the Auditor-General on the Appropriation Accounts Other Public Accounts and the Accounts of the funds of the Republic of Kenya for the year 2008/2009cGovernment of Kenya aKenyabGovernment of Kenyac2008/2009 a764 p bGovernment of Kenya